Compoliation of guidleines and instructions : integrated child devlopment services and functional literacy for adult women (Record no. 495378)

000 -LEADER
fixed length control field 00475cam a22001097a 4500
008 - FIXED-LENGTH DATA ELEMENTS--GENERAL INFORMATION
fixed length control field 180718b1985 xxu||||| |||| 00| 0 eng d
082 ## - DEWEY DECIMAL CLASSIFICATION NUMBER
Classification number Q43x54 In2g 1985
245 ## - TITLE STATEMENT
Title Compoliation of guidleines and instructions : integrated child devlopment services and functional literacy for adult women
Statement of responsibility, etc. by Ministry of Social And Women's Welfare
260 ## - PUBLICATION, DISTRIBUTION, ETC.
Place of publication, distribution, etc. New Delhi
Name of publisher, distributor, etc. Ministry of Social And Women's Welfare
Date of publication, distribution, etc. 1985
300 ## - PHYSICAL DESCRIPTION
Extent xii,116p.
700 ## - ADDED ENTRY--PERSONAL NAME
Personal name India.Ministry of Social And Welfare
Holdings
Withdrawn status Lost status Damaged status Not for loan Permanent Location Current Location Date acquired Full call number Barcode Date last seen Price effective from Koha item type
        Indian Institute of Public Administration Indian Institute of Public Administration 2018-08-04 Q43x54 In2g 1985 GG20192 2018-08-04 2018-08-04 GG
        Indian Institute of Public Administration Indian Institute of Public Administration 2018-08-04 Q43x54 In2g 1985 GG20191 2018-08-04 2018-08-04 GG

Powered by Koha